Nonisotropic and variable outflows from stars (Record no. 10948)

MARC details
000 -LEADER
fixed length control field 00827nam a2200229Ia 4500
003 - CONTROL NUMBER IDENTIFIER
control field IN-BaIIA
008 - FIXED-LENGTH DATA ELEMENTS--GENERAL INFORMATION
fixed length control field 211028s9999 xx 000 0 eng d
020 ## - INTERNATIONAL STANDARD BOOK NUMBER
International Standard Book Number 0-937707-41-4
040 ## - CATALOGING SOURCE
Transcribing agency IIA Library
080 ## - UNIVERSAL DECIMAL CLASSIFICATION NUMBER
Universal Decimal Classification number 082.2:52
Item number ASP-22
245 #0 - TITLE STATEMENT
Title Nonisotropic and variable outflows from stars
Statement of responsibility, etc. edited by Laurent Drissen, Claus Leitherer and Antonella Nota
260 ## - PUBLICATION, DISTRIBUTION, ETC.
Place of publication, distribution, etc. San Francisco
Name of publisher, distributor, etc. Astronomical Society of the Pacific
Date of publication, distribution, etc. 1992
300 ## - PHYSICAL DESCRIPTION
Extent xviii, 408p.
490 ## - SERIES STATEMENT
Series statement ASP conference series; v. 22
650 ## - SUBJECT ADDED ENTRY--TOPICAL TERM
Topical term or geographic name entry element Astronomy and Astrophysics Thesaurus
650 ## - SUBJECT ADDED ENTRY--TOPICAL TERM
Topical term or geographic name entry element Cataclysmic variable stars
9 (RLIN) 5812
650 ## - SUBJECT ADDED ENTRY--TOPICAL TERM
Topical term or geographic name entry element Variable stars
9 (RLIN) 1140
700 ## - ADDED ENTRY--PERSONAL NAME
Personal name Drissen, Laurent, ed.
9 (RLIN) 18697
700 ## - ADDED ENTRY--PERSONAL NAME
Personal name Leitherer, Claus, ed.
9 (RLIN) 17586
700 ## - ADDED ENTRY--PERSONAL NAME
Personal name Nota, Antonella, ed.
9 (RLIN) 18698
942 ## - ADDED ENTRY ELEMENTS (KOHA)
Koha item type Books
952 ## - LOCATION AND ITEM INFORMATION (KOHA)
-- 40.00
Holdings
Withdrawn status Lost status Damaged status Not for loan Home library Current library Shelving location Date acquired Total Checkouts Full call number Barcode Date last seen Price effective from Koha item type
        IIA Library-Bangalore IIA Library-Bangalore General Stacks 15/03/1994   082.2:52/ ASP-22 11861 05/11/2021 15/03/1994 Books

Powered by Koha